| 000 | 00880nam a22002177a 4500 | ||
|---|---|---|---|
| 999 |
_c8139 _d8139 |
||
| 003 | AR-CdUCM | ||
| 008 | 190322b ||||| |||| 00| 0 spa d | ||
| 040 |
_aMUNICIPALIDAD PROVINCIAL DEL CUSCO _cBIBLIOTECA MUNICIPAL DEL CUSCO |
||
| 082 |
_25ed. _a657.4 _bB76 |
||
| 100 |
_aBoter Mauri, Fernando _914834 |
||
| 245 | _aPrecio de Coste Industrial / | ||
| 260 |
_aBarcelona : _bJuventud S. A. ; _c1958. |
||
| 300 |
_a304 páginas ; _bFórmulas _c22cm |
||
| 505 | _aContenido: Teoría general de los precios de coste y de venta -- Nomenclatura y clasificación de materiales -- Organización del servicio de compras de materiales -- Contabilización de las entradas de materiales -- El almacén de materiales | ||
| 650 |
_aContabilidad _910543 |
||
| 650 |
_aMateriales _922973 |
||
| 650 |
_aPrecio _922974 |
||
| 650 |
_aCostes _922975 |
||
| 942 |
_2ddc _cLIBROS |
||
| 945 | _anom | ||